000 01240nam a2200265Ia 4500
999 _c56406
_d56406
001 23519
003 GE_BSU
005 20260211151501.0
008 181216s2000||||ge |||||||||||||| ||geo||
020 _a99928-826-0-3
040 _cGE_BSU
041 _ageo
080 _a94(479.22)(075.3) ვ-26
100 _aვაჩნაძე, მერაბ
_926862
245 _aსაქართველოს ისტორია (XIX-XX საუკუნეები) :
_bმე-9 კლ. სახელმძღვ. /
_c მერაბ ვაჩნაძე, ვახტანგ გურული ; [რედ. დიმიტრი შველიძე].
250 _aპირველი გამოცემა
264 _aთბილისი :
_bარტანუჯი,
_c2000.
300 _a200 გვ. :
_bფოტ. ;
_c 29 სმ.
500 _aდანართი გვ. 196-197
541 _h10 ლ.
653 _aმე-9 კლ. სახელმძღვანელი
653 _aსაქართველოს ისტორია (XIX-XX საუკუნეები)
700 _aშველიძე, დიმიტრი
_eრედაქტორი
_926863
942 _cBK
_2udc